First Christians : (Record no. 738)

MARC details
000 -LEADER
fixed length control field 00885pam a2200301 i 4500
001 - CONTROL NUMBER
control field 3645084
003 - CONTROL NUMBER IDENTIFIER
control field GBCCL
005 - DATE AND TIME OF LATEST TRANSACTION
control field 20241126110345.0
008 - FIXED-LENGTH DATA ELEMENTS--GENERAL INFORMATION
fixed length control field 760301s1976 nyuaf b 000 0 eng
010 ## -
-- 75036751
020 ## - INTERNATIONAL STANDARD BOOK NUMBER
International Standard Book Number 006065399X :
Terms of availability $6.95
035 ## - SYSTEM CONTROL NUMBER
System control number (OCoLC)ocn685642955
035 ## - SYSTEM CONTROL NUMBER
System control number 3645084
040 ## - CATALOGING SOURCE
Original cataloging agency DLC
Transcribing agency DLC
Modifying agency YUS
049 ## -
-- YUTH
050 0# -
-- BR165
-- .M26 1976
082 ## - DEWEY DECIMAL CLASSIFICATION NUMBER
Classification number 270.1
Item number MAI
100 1# - MAIN ENTRY--PERSONAL NAME
Personal name Maier, Paul L.
9 (RLIN) 964
245 10 - TITLE STATEMENT
Title First Christians :
Remainder of title Pentecost and the spread of Christianity /
Statement of responsibility, etc. Paul L. Maier.
250 ## - EDITION STATEMENT
Edition statement 1st ed.
260 ## - PUBLICATION, DISTRIBUTION, ETC.
Place of publication, distribution, etc. New York :
Name of publisher, distributor, etc. Harper & Row,
Date of publication, distribution, etc. c1976.
300 ## - PHYSICAL DESCRIPTION
Extent 160 p., [2] leaves of plates :
Other physical details ill. ;
Dimensions 22 cm.
504 ## - BIBLIOGRAPHY, ETC. NOTE
Bibliography, etc. note Includes bibliographical references.
650 #0 - SUBJECT ADDED ENTRY--TOPICAL TERM
Topical term or geographic name entry element Church history
Chronological subdivision Primitive and early church, ca. 30-600.
9 (RLIN) 965
942 ## - ADDED ENTRY ELEMENTS (KOHA)
Source of classification or shelving scheme Dewey Decimal Classification
Koha item type Books
Koha issues (borrowed), all copies 7
947 ## - LOCAL PROCESSING INFORMATION (OCLC)
a FJC9211
948 ## - LOCAL PROCESSING INFORMATION (OCLC); SERIES PART DESIGNATOR (RLIN)
Series part designator, SPT (RLIN) OCLC RECON
Holdings
Withdrawn status Lost status Source of classification or shelving scheme Damaged status Not for loan Home library Current Library Shelving location Date acquired Total checkouts Total renewals Full call number Barcode Date last seen Date last checked out Copy number Price effective from Koha item type
    Dewey Decimal Classification     GRACE BIBLE COLLEGE GRACE BIBLE COLLEGE Church History 2017-03-14 7 1 270.1 MAI 007374 2025-05-01 2024-02-13 c.1 2017-03-14 Books
© Grace Bible College Library 2025